00339nam a2200145Ia 4500008004100000084001400041100001900055245002600074250002000100260000900120260000900129260001100138300000900149500003500158180424s9999 xx 000 0 und d aT21 R21:2 a"Ragunathan, " 0aBharathiyum Shelliyum a\\196400TAMGPCX aNCBH b1964 cMadras a296p aincludes index and biblioraphy